[Event "POL-chT 2nd League"]
[Site "Poronin"]
[Date "2020.09.08"]
[Round "4.2"]
[White "Musial, Tomasz"]
[Black "Polarczyk, Pawel"]
[Result "1-0"]
[WhiteElo "1997"]
[BlackElo "1813"]
[PlyCount "111"]
[EventDate "2020.09.05"]
[EventType "team-swiss"]
[EventRounds "9"]
[EventCountry "POL"]
[SourceTitle "CBM 198 Extra"]
[Source "ChessBase"]
[SourceDate "2020.11.30"]
[SourceVersion "1"]
[SourceVersionDate "2020.11.30"]
[SourceQuality "1"]
[WhiteTeam "Chrzanow Olimpijczyk"]
[BlackTeam "Zakrzewo Korona"]
[WhiteTeamCountry "POL"]
[BlackTeamCountry "POL"]

1. d4 d5 2. c4 c6 3. Nf3 Nf6 4. e3 Bf5 5. Nc3 e6 6. Nh4 Bg6 7. Nxg6 hxg6 8. g3 Nbd7 9. Bd2 dxc4 10. Bxc4 Nb6 11. Bf1 Bd6 12. Bg2 e5 13. dxe5 Bxe5 14. f4 Bc7 15. Qe2 Qe7 16. e4 0-0-0 17. 0-0-0 Qc5 18. Be3 Qc4 19. Rxd8+ Bxd8 20. Qxc4 Nxc4 21. Bd4 Bb6 22. Bxb6 Nxb6 23. h4 Kc7 24. Rd1 Rd8 25. Rxd8 Kxd8 26. e5 Ne8 27. Ne4 Nc4 28. Bf3 Ke7 29. b3 Ne3 30. Kd2 Nf5 31. h5 gxh5 32. Bxh5 b6 33. Kd3 g6 34. Bd1 f6 35. g4 Nfg7 36. exf6+ Nxf6 37. Nxf6 Kxf6 38. Ke4 Ne8 39. g5+ Ke6 40. Bg4+ Kd6 41. f5 gxf5+ 42. Kxf5 Ke7 43. Kg6 c5 44. Kh7 Kf8 45. Bd7 Ng7 46. Kg6 a6 47. Bc8 a5 48. Bd7 a4 49. Bxa4 Ne6 50. Bd7 Nf4+ 51. Kf5 Nd3 52. Kf6 Nf4 53. Bc6 Nh5+ 54. Kg6 Ng7 55. Bd7 c4 56. bxc4 1-0

[Event "POL-chT 2nd League"]
[Site "Jastrzebia Gora"]
[Date "2019.09.07"]
[Round "1.18"]
[White "Polarczyk, Pawel"]
[Black "Ponikowski, Przemyslaw"]
[Result "1-0"]
[WhiteElo "1794"]
[BlackElo "1949"]
[PlyCount "107"]
[EventDate "2019.09.07"]
[EventType "team-swiss"]
[EventRounds "9"]
[EventCountry "POL"]
[SourceTitle "EXT 2020"]
[Source "ChessBase"]
[SourceDate "2019.10.17"]
[SourceVersion "1"]
[SourceVersionDate "2019.10.17"]
[SourceQuality "1"]
[WhiteTeam "Zakrzewo Korona"]
[BlackTeam "Warszawa Mogalo"]
[WhiteTeamCountry "POL"]
[BlackTeamCountry "POL"]

1. d4 Nf6 2. c4 e6 3. Nc3 d5 4. Nf3 c6 5. Qd3 dxc4 6. Qxc4 Nd5 7. e4 Nxc3 8. Qxc3 a5 9. a3 Be7 10. Bf4 Bd7 11. Rc1 f6 12. Bc4 b5 13. Ba2 Na6 14. Qe3 Rc8 15. 0-0 Qb6 16. e5 f5 17. Bg5 Qd8 18. Bxe7 Qxe7 19. Rfd1 0-0 20. Qd3 Rc7 21. Rd2 g6 22. h4 Rb7 23. Ng5 a4 24. d5 exd5 25. Bxd5+ Kh8 26. Bxc6 Rc7 27. Qxb5 Bxc6 28. Rxc6 Rxc6 29. Qxc6 Qxe5 30. Rd5 Qe1+ 31. Kh2 Qxf2 32. Qc3+ Kg8 33. Rd4 f4 34. Qc4+ Kh8 35. Nf7+ Kg7 36. Rxf4 Qxb2 37. Ng5 Rxf4 38. Qxf4 Qb8 39. Ne6+ Kg8 40. Qxb8+ Nxb8 41. Nc5 Kf7 42. Nxa4 Ke6 43. Kg3 Kd5 44. Kf4 h6 45. Nb6+ Kc5 46. Nc8 Nc6 47. Ke4 Kc4 48. Nd6+ Kb3 49. Nf7 h5 50. Ne5 Ne7 51. Kf4 Kxa3 52. Kg5 Nf5 53. Nxg6 Ne3 54. Nf4 1-0

[Event "Poznan op 26th"]
[Site "Poznan"]
[Date "2018.08.19"]
[Round "1"]
[White "Cichon, Mieczyslaw"]
[Black "Polarczyk, Pawel"]
[Result "0-1"]
[WhiteElo "1199"]
[BlackElo "1811"]
[PlyCount "66"]
[EventDate "2018.08.19"]
[EventType "swiss"]
[EventRounds "9"]
[EventCountry "POL"]
[SourceTitle "CBM 186 Extra"]
[Source "ChessBase"]
[SourceDate "2018.08.24"]
[SourceVersion "1"]
[SourceVersionDate "2018.08.24"]
[SourceQuality "1"]

1. e4 e6 2. Nc3 d5 3. d3 dxe4 4. Nxe4 Nf6 5. Bg5 Be7 6. Nf3 h6 7. Bxf6 Bxf6 8. Nxf6+ Qxf6 9. c3 c5 10. Qa4+ Bd7 11. Qb3 Nc6 12. Rd1 b6 13. d4 cxd4 14. Nxd4 Nxd4 15. Rxd4 Qe5+ 16. Be2 Bc6 17. f3 0-0 18. Qc2 Rfd8 19. Rg4 Rd6 20. 0-0 Qe3+ 21. Kh1 Rd2 22. Qb3 Qxe2 23. Rg1 Rxb2 24. Qa3 Rxa2 25. Qe7 Bxf3 26. Rg3 Bh5 27. Qf6 Bg6 28. Qe7 a5 29. h4 Rd2 30. Rf3 Rad8 31. Rff1 Qg4 32. Kh2 a4 33. Rf3 Qxf3 0-1

[Event "POL-chT3 Wielkopolska 1112"]
[Site "Poland"]
[Date "2011.??.??"]
[Round "1.21"]
[White "Polarczyk, Pawel"]
[Black "Grabianowski, Krystian"]
[Result "1/2-1/2"]
[WhiteElo "1827"]
[BlackElo "1876"]
[PlyCount "95"]
[EventDate "2011.11.27"]
[EventType "team-tourn"]
[EventRounds "11"]
[EventCountry "POL"]
[SourceTitle "EXT 2014"]
[Source "ChessBase"]
[SourceDate "2013.11.20"]
[SourceVersion "1"]
[SourceVersionDate "2013.11.20"]
[SourceQuality "1"]
[WhiteTeam "Poznan Lech"]
[BlackTeam "Szamotuly Baszta"]
[WhiteTeamCountry "POL"]
[BlackTeamCountry "POL"]

1. d4 Nf6 2. c4 g6 3. Nc3 Bg7 4. e4 d6 5. f3 0-0 6. Bd3 Nc6 7. Be3 e5 8. d5 Nd4 9. Bxd4 exd4 10. Nb5 c6 11. dxc6 bxc6 12. Nxd4 Qb6 13. Nb3 Nh5 14. Qd2 a5 15. g4 a4 16. gxh5 axb3 17. a3 Bd4 18. Ne2 Bf2+ 19. Kd1 Rd8 20. hxg6 hxg6 21. h4 d5 22. cxd5 cxd5 23. e5 d4 24. h5 Be3 25. Qe1 Ba6 26. Be4 Rac8 27. hxg6 fxg6 28. Qh4 Bxe2+ 29. Kxe2 Qb5+ 30. Ke1 Qa5+ 31. Kf1 Qxe5 32. Qh7+ Kf8 33. Qh8+ Qxh8 34. Rxh8+ Kg7 35. Rxd8 Rxd8 36. Ke2 Rh8 37. Kd3 Rh2 38. Rb1 Rc2 39. Bd5 Rc1 40. Rxc1 Bxc1 41. Bxb3 Bxb2 42. a4 Bc3 43. Ke4 Kf6 44. Bc4 g5 45. Ba6 Ke6 46. Bc8+ Kd6 47. Bg4 Kc5 48. Kd3 1/2-1/2

[Event "Kowalewo Pomorskie op-B 17th"]
[Site "Kowalewo Pomorskie"]
[Date "2010.07.06"]
[Round "4"]
[White "Moszczenski, Milosz"]
[Black "Polarczyk, Pawel"]
[Result "0-1"]
[WhiteElo "1529"]
[BlackElo "1856"]
[PlyCount "64"]
[EventDate "2010.07.04"]
[EventType "swiss"]
[EventRounds "9"]
[EventCountry "POL"]
[SourceTitle "EXT 2011"]
[Source "ChessBase"]
[SourceDate "2010.11.26"]
[SourceVersion "1"]
[SourceVersionDate "2010.11.26"]
[SourceQuality "1"]

1. d4 e6 2. c4 d5 3. Nc3 Nf6 4. cxd5 exd5 5. Bg5 Nbd7 6. e3 c6 7. Bd3 Bd6 8. Nf3 Qc7 9. Rc1 a6 10. Qb3 0-0 11. 0-0 Re8 12. Bf5 Qb8 13. a4 a5 14. Rfe1 h6 15. Bh4 g5 16. Bg3 Bxg3 17. hxg3 Ra6 18. Ne2 Rb6 19. Qc3 Rb4 20. Ra1 Nb6 21. Bxc8 Qxc8 22. b3 Ne4 23. Qc2 f6 24. Nc1 Nd7 25. Nd3 Rb6 26. Nh2 Nb8 27. Nc5 Na6 28. Nxa6 Rxa6 29. f3 Nd6 30. Qg6+ Kf8 31. Qxf6+ Nf7 32. Ng4 c5 0-1

[Event "Kowalewo Pomorskie op-B 17th"]
[Site "Kowalewo Pomorskie"]
[Date "2010.07.04"]
[Round "1"]
[White "Polarczyk, Pawel"]
[Black "Hrynkiewicz, Jakub"]
[Result "1-0"]
[WhiteElo "1856"]
[BlackElo "1620"]
[PlyCount "54"]
[EventDate "2010.07.04"]
[EventType "swiss"]
[EventRounds "9"]
[EventCountry "POL"]
[SourceTitle "EXT 2011"]
[Source "ChessBase"]
[SourceDate "2010.11.26"]
[SourceVersion "1"]
[SourceVersionDate "2010.11.26"]
[SourceQuality "1"]

1. d4 e6 2. c4 d5 3. Nc3 Nf6 4. Nf3 c5 5. e3 Nc6 6. a3 b6 7. Be2 Be7 8. 0-0 0-0 9. b3 Bb7 10. Bb2 Rc8 11. dxc5 bxc5 12. Qc2 d4 13. exd4 cxd4 14. Rad1 e5 15. Qf5 g6 16. Qh3 Nh5 17. Nd5 Rc7 18. Nd2 Bc8 19. g4 Nf4 20. Nxf4 exf4 21. Nf3 Bf6 22. Rd3 Re8 23. Bd1 Rce7 24. b4 Re4 25. Nd2 Re1 26. b5 Qe7 27. bxc6 Rxf1+ 1-0

[Event "Poznan op-B 18th"]
[Site "Poznan"]
[Date "2009.07.22"]
[Round "5"]
[White "Polarczyk, Pawel"]
[Black "Szymanski, Leszek"]
[Result "0-1"]
[WhiteElo "1784"]
[BlackElo "1847"]
[PlyCount "115"]
[EventDate "2009.07.19"]
[EventType "swiss"]
[EventRounds "9"]
[EventCountry "POL"]
[SourceTitle "EXT 2011"]
[Source "ChessBase"]
[SourceDate "2010.11.26"]
[SourceVersion "1"]
[SourceVersionDate "2010.11.26"]
[SourceQuality "1"]

1. e4 d6 2. d4 Nf6 3. Nc3 g6 4. f4 Bg7 5. Nf3 c6 6. Bd3 b5 7. e5 Ng4 8. h3 Nh6 9. g4 f5 10. g5 Nf7 11. Qe2 e6 12. Be3 Qa5 13. Kf2 b4 14. Nb1 d5 15. Nbd2 Ba6 16. Nb3 Bxd3 17. Qxd3 Qb6 18. Nc5 Nd8 19. a3 Bf8 20. axb4 Qxb4 21. Bd2 Qb5 22. Qxb5 cxb5 23. Na6 Nxa6 24. Rxa6 Rg8 25. Ba5 Rc8 26. Rc1 Nc6 27. Be1 Rg7 28. Ke3 Rgc7 29. Kd3 Kd7 30. Rca1 Be7 31. Bd2 Rb7 32. Ne1 h6 33. h4 hxg5 34. hxg5 Rh8 35. Nf3 Rh3 36. Rf1 Rb8 37. Raa1 b4 38. Be3 a5 39. Ke2 Ra8 40. Ra4 Kc7 41. Kf2 Kb6 42. Kg2 Rah8 43. c4 dxc4 44. Rfa1 Kb5 45. Bf2 Bd8 46. R4a2 Bb6 47. Rd1 b3 48. Raa1 Nb4 49. Rac1 Nd3 50. Rxd3 cxd3 51. Rc3 Kb4 52. Rxd3 a4 53. Be1+ Kc4 54. Rd1 R3h7 55. Ra1 Kb5 56. Bf2 Rc8 57. Re1 Ba5 58. Nh4 0-1

[Event "Kowalewo Pomorskie op-B 16th"]
[Site "Kowalewo Pomorskie"]
[Date "2009.07.08"]
[Round "6"]
[White "Hrynkiewicz, Bartosz"]
[Black "Polarczyk, Pawel"]
[Result "1-0"]
[WhiteElo "1971"]
[BlackElo "1784"]
[PlyCount "47"]
[EventDate "2009.07.04"]
[EventType "swiss"]
[EventRounds "9"]
[EventCountry "POL"]
[SourceTitle "EXT 2011"]
[Source "ChessBase"]
[SourceDate "2010.11.26"]
[SourceVersion "1"]
[SourceVersionDate "2010.11.26"]
[SourceQuality "1"]

1. d4 f5 2. Bg5 h6 3. Bh4 g6 4. e4 d5 5. exf5 Bxf5 6. g4 Be6 7. Qd3 g5 8. Bg3 Nd7 9. Nf3 c6 10. Be5 Ngf6 11. Qa3 Bxg4 12. h4 Bxf3 13. Qxf3 Qa5+ 14. Nc3 g4 15. Qf5 Rg8 16. 0-0-0 0-0-0 17. Kb1 Re8 18. Qe6 Bg7 19. Bd3 Bh8 20. Bf5 Qd8 21. Rd3 Ref8 22. Nb5 Qb6 23. Nxa7+ Kd8 24. Bxf6 1-0

[Event "POL-ch U16"]
[Site "Chotowa"]
[Date "2009.04.01"]
[Round "6"]
[White "Polarczyk, Pawel"]
[Black "Cieslar, Michal"]
[Result "1/2-1/2"]
[WhiteElo "1778"]
[BlackElo "1908"]
[PlyCount "173"]
[EventDate "2009.03.28"]
[EventType "swiss"]
[EventRounds "11"]
[EventCountry "POL"]
[SourceTitle "EXT 2011"]
[Source "ChessBase"]
[SourceDate "2010.11.26"]
[SourceVersion "1"]
[SourceVersionDate "2010.11.26"]
[SourceQuality "1"]

1. d4 f5 2. Nc3 Nf6 3. Nf3 e6 4. g3 b6 5. Bg2 Bb7 6. Bg5 Be7 7. e3 d6 8. Qe2 Nbd7 9. 0-0 0-0 10. Nh4 Bxg2 11. Nxg2 h6 12. Bxf6 Bxf6 13. Nf4 Re8 14. Qc4 Nf8 15. Nb5 Re7 16. Qc6 a6 17. Nc3 g5 18. Nh5 Bh8 19. Rad1 d5 20. Kg2 Rd7 21. h3 Rd6 22. Qa4 b5 23. Qb3 Qe8 24. g4 Ng6 25. f4 Nh4+ 26. Kg3 Qg6 27. Ne2 Kh7 28. Qd3 Rg8 29. Kh2 Rdd8 30. Neg3 Rdf8 31. Rf2 Bf6 32. Rdf1 Be7 33. Ne2 Bd6 34. Nhg3 Kh8 35. gxf5 exf5 36. Rg1 g4 37. Kh1 Qf7 38. Nc3 Nf3 39. Rgf1 h5 40. Rxf3 gxf3 41. Rxf3 h4 42. Nge2 c6 43. Ng1 Qh5 44. Qf1 Rg7 45. Nce2 c5 46. c3 b4 47. Qd1 bxc3 48. Nxc3 Rfg8 49. Nce2 c4 50. Rf1 Rb8 51. Qc2 Re7 52. Qd2 Qe8 53. Rf3 Qg6 54. Qe1 Rh7 55. Qb1 Rf7 56. Qe1 Be7 57. Nc3 Qc6 58. Qe2 Bb4 59. Rf2 Bxc3 60. bxc3 Qh6 61. Nf3 Rb1+ 62. Rf1 Rxf1+ 63. Qxf1 Rg7 64. Ng5 Qh5 65. Qb1 Rxg5 66. fxg5 Qf3+ 67. Kh2 Qg3+ 68. Kh1 Qxh3+ 69. Kg1 Qxe3+ 70. Kh2 Qf4+ 71. Kg1 Qxg5+ 72. Kh2 Qg3+ 73. Kh1 h3 74. Qc2 Qg2+ 75. Qxg2 hxg2+ 76. Kxg2 Kg7 77. Kf3 Kg6 78. Kf4 Kf6 79. a3 a5 80. a4 Kg6 81. Ke5 Kg5 82. Kxd5 Kg4 83. Kc5 f4 84. d5 f3 85. d6 f2 86. d7 f1Q 87. d8Q 1/2-1/2

[Event "POL-ch U16"]
[Site "Chotowa"]
[Date "2009.03.28"]
[Round "1"]
[White "Polarczyk, Pawel"]
[Black "Lis, Marek"]
[Result "0-1"]
[WhiteElo "1778"]
[BlackElo "2003"]
[PlyCount "54"]
[EventDate "2009.03.28"]
[EventType "swiss"]
[EventRounds "11"]
[EventCountry "POL"]
[SourceTitle "EXT 2011"]
[Source "ChessBase"]
[SourceDate "2010.11.26"]
[SourceVersion "1"]
[SourceVersionDate "2010.11.26"]
[SourceQuality "1"]

1. d4 d6 2. c4 e5 3. Nf3 exd4 4. Nxd4 g6 5. Bd2 Bg7 6. Bc3 Nf6 7. Nd2 0-0 8. Qc2 d5 9. e3 c5 10. N4b3 Bf5 11. Qd1 d4 12. exd4 Re8+ 13. Be2 Bd3 14. Nc1 Bxe2 15. Nxe2 cxd4 16. Bxd4 Qxd4 17. 0-0 Qxb2 18. Rb1 Qe5 19. Ng3 Qc7 20. Rb3 Nbd7 21. h4 Nc5 22. Rf3 Rad8 23. Qc2 h5 24. Ra3 b6 25. Nf3 Nce4 26. Ng5 Nxg5 27. hxg5 Ng4 0-1

[Event "POL-ch Liga3 U18"]
[Site "Koscielec"]
[Date "2009.01.31"]
[Round "1.13"]
[White "Polarczyk, Pawel"]
[Black "Chmiest, Lukasz"]
[Result "1-0"]
[WhiteElo "1778"]
[BlackElo "1638"]
[PlyCount "115"]
[EventDate "2009.01.31"]
[EventType "swiss"]
[EventRounds "9"]
[EventCountry "POL"]
[SourceTitle "EXT 2023"]
[Source "ChessBase"]
[SourceDate "2022.10.05"]
[SourceVersion "1"]
[SourceVersionDate "2022.10.05"]
[SourceQuality "1"]

1. e4 e6 2. d4 d5 3. Nc3 Bb4 4. e5 c5 5. dxc5 Bxc5 6. Qg4 Bf8 7. Be3 Nc6 8. Nf3 Nge7 9. Bb5 Ng6 10. h4 h5 11. Qg3 Bd7 12. a3 a6 13. Bd3 Nge7 14. Ng5 Nf5 15. Bxf5 exf5 16. Nxd5 Qa5+ 17. Nc3 Qxe5 18. Qxe5+ Nxe5 19. Nd5 Rc8 20. Rc1 f6 21. Nh3 Bc5 22. 0-0 Ng6 23. g3 Be6 24. Nhf4 Nxf4 25. Nxf4 Bxe3 26. fxe3 Kf7 27. c3 g5 28. hxg5 fxg5 29. Ne2 Kg6 30. Nd4 Rhe8 31. Rce1 Bd7 32. Rf2 Rc5 33. Rfe2 Rce5 34. Nf3 R5e7 35. Nd2 Bc6 36. Kf2 b5 37. Nb3 Bd5 38. Nc5 a5 39. Rd2 Be6 40. Rd6 Kg7 41. Rb6 Bc4 42. b3 Rc8 43. bxc4 Rxc5 44. Rxb5 Ree5 45. Reb1 Kf6 46. Rb6+ Re6 47. Rxe6+ Kxe6 48. Rb5 Rxc4 49. Rxa5 Rxc3 50. Kf3 Rc6 51. Rb5 g4+ 52. Ke2 Kf6 53. e4 Kg6 54. Ke3 Ra6 55. a4 Rc6 56. Kf4 Ra6 57. Rb4 Kg7 58. exf5 1-0

[Event "Poznan Pocztowiec-ch op"]
[Site "Poznan"]
[Date "2008.10.18"]
[Round "8.6"]
[White "Jablonski, Grzegorz"]
[Black "Polarczyk, Pawel"]
[Result "1/2-1/2"]
[WhiteElo "1608"]
[BlackElo "1778"]
[PlyCount "82"]
[EventDate "2008.10.03"]
[EventType "swiss"]
[EventRounds "9"]
[EventCountry "POL"]
[SourceTitle "EXT 2023"]
[Source "ChessBase"]
[SourceDate "2022.10.05"]
[SourceVersion "1"]
[SourceVersionDate "2022.10.05"]
[SourceQuality "1"]

1. e4 e6 2. d4 d5 3. Nc3 Nf6 4. e5 Nfd7 5. Nf3 a6 6. Bd3 c5 7. Be3 Nc6 8. dxc5 Ndxe5 9. Nxe5 Nxe5 10. b4 d4 11. Bxd4 Nxd3+ 12. Qxd3 Bd7 13. 0-0 f6 14. Rfe1 Be7 15. Be3 Qc7 16. Qe2 0-0 17. Rad1 Bc6 18. Qc4 Bd7 19. Bf4 Qc6 20. Bd6 Rae8 21. h3 Kh8 22. Rd3 Qc8 23. Red1 e5 24. a4 Bf5 25. R3d2 Bxd6 26. Rxd6 Bxc2 27. R1d2 Bf5 28. c6 bxc6 29. Rxc6 Qb7 30. b5 axb5 31. axb5 e4 32. Qc5 Bg6 33. Rc7 Qa8 34. Ra2 Qd8 35. b6 Re5 36. Qc4 e3 37. fxe3 Rxe3 38. Ra1 Bd3 39. Qg4 Bg6 40. Rd1 Qe8 41. Qh4 Qe5 1/2-1/2

[Event "Polanica Zdroj op-C 44th"]
[Site "Polanica Zdroj"]
[Date "2008.08.27"]
[Round "9"]
[White "Slobodzian, Mateusz"]
[Black "Polarczyk, Pawel"]
[Result "1/2-1/2"]
[WhiteElo "1681"]
[BlackElo "1798"]
[PlyCount "41"]
[EventDate "2008.08.19"]
[EventType "swiss"]
[EventRounds "9"]
[EventCountry "POL"]
[SourceTitle "CBM 126 Extra"]
[Source "ChessBase"]
[SourceDate "2008.11.05"]
[SourceVersion "1"]
[SourceVersionDate "2008.11.05"]
[SourceQuality "1"]

1. e4 d6 2. d4 e5 3. dxe5 dxe5 4. Qxd8+ Kxd8 5. Bc4 Be6 6. Bxe6 fxe6 7. Be3 Nf6 8. Nd2 Nbd7 9. 0-0-0 c6 10. f3 Be7 11. Ne2 Kc7 12. c3 Rhb8 13. Kc2 b5 14. Nc1 a5 15. Nd3 Bd6 16. Nb3 Re8 17. Rd2 a4 18. Nbc5 Nb6 19. b3 axb3+ 20. axb3 Ra2+ 21. Nb2 1/2-1/2

[Event "Polanica Zdroj op-C 44th"]
[Site "Polanica Zdroj"]
[Date "2008.08.26"]
[Round "8"]
[White "Polarczyk, Pawel"]
[Black "Kwapisiewicz, Karol"]
[Result "1/2-1/2"]
[WhiteElo "1798"]
[BlackElo "1725"]
[PlyCount "65"]
[EventDate "2008.08.19"]
[EventType "swiss"]
[EventRounds "9"]
[EventCountry "POL"]
[SourceTitle "CBM 126 Extra"]
[Source "ChessBase"]
[SourceDate "2008.11.05"]
[SourceVersion "1"]
[SourceVersionDate "2008.11.05"]
[SourceQuality "1"]

1. e4 c5 2. Nf3 Nc6 3. d4 cxd4 4. Nxd4 Nf6 5. Nc3 e5 6. Ndb5 d6 7. a4 a6 8. Na3 Be6 9. Bc4 Qa5 10. Bd2 Qd8 11. Be3 Be7 12. f3 Nb4 13. Nd5 Nbxd5 14. exd5 Bd7 15. a5 Nh5 16. b4 f5 17. b5 f4 18. Bf2 Bf5 19. bxa6 bxa6 20. 0-0 0-0 21. Bb6 Qd7 22. Qe2 g5 23. Bxa6 g4 24. Bb5 Qc8 25. Bc6 gxf3 26. gxf3 Kh8 27. Kh1 Rg8 28. Rg1 Ng3+ 29. hxg3 fxg3 30. Rg2 Bh3 31. Bxa8 h5 32. Qd2 Qf8 33. Bf2 1/2-1/2